000 00451nam a2200181Ia 4500
001 10859
003 IN-NITTTR
005 20251114233101.0
008 251113s9999||||xx |||||||||||||| ||eng||
040 _beng
040 _cIN-NITTTR
041 _aeng
082 _a651.75 S23B
100 _aSharma, R. C.
245 0 _aBusiness correspondence and report writing. /
_cSharma, R. C., Krishna Mohan
700 _a Krishna Mohan,
942 _2ddc
_cBK
999 _c13495
_d13495